000 00578nam a2200229Ia 4500
003 OSt
005 20220918201400.0
006 a|||||r|||| 00| 0
007 ta
008 220917b |||||||| |||| 00| 0 eng d
024 _a93,526
037 _cTextual
040 _aARTS
_cARTS
_beng
041 _2eng
_aeng
082 _aV1N39, H7
100 _aMorgenstern George
_998455
245 0 _aPearl Harbor
_b the story of the secret war
260 _c1947
650 _aHISTORY
942 _hV1N39, H7
_cTEXL
_2CC
999 _c217168
_d217168